000 00252nam a2200109 4500
082 _a954.51MIR
100 _aMir, Khan Zaman
245 _aFacts are Fact: other side
260 _aMuzzafarabad:
_bKashmir Studies,
_c1984.
300 _a880p. ;
942 _cBK
999 _c8490
_d8490